00272 a2200133 4500001000700000020001800007040001100025100002600036240002600062245002100088300000700109362000900116440001300125162161 a85-262-2570-7 cMagnum aLima, Aristides Fraga10aO louco da grutalpor10aO louco da gruta a870 a1996 1aScipione